Flags of Turkic Countries and Territories (really hard) - Statistics

General Stats
  • This quiz has been taken 175 times
  • The average score is 12 of 30
Answer Stats
Picture Answer % Correct
Turkmenistan
97%
Azerbaijan
96%
kazakhstan
95%
Kyrgyzstan
92%
Uzbekistan
92%
Hungary
87%
Türkiye
76%
Crimea
61%
Tatarstan
53%
Tuva
47%
East Turkestan
45%
Altai
44%
Dagestan
40%
Karakalpakstan
38%
Bashkortostan
36%
South Azerbaijan
32%
Gagauzia
31%
Turkish Republic of Northern Cyprus
26%
Sakha Republic
23%
Khakassia
21%
Kabardino-Balkaria
17%
karachay-Cherkessia
14%
Syrian Turkmen
14%
Qashqai
13%
Türkmeneli
11%
Crimea Tatar
9%
Chuvasia
8%
Lipka Tatars
7%
Khalaj Turks
2%
Turkmen Sahra
2%
No matching quizzes found
Score Distribution
Percent of People with Each Score
Percentile by Number Answered
Your Score History
You have not taken this quiz